The man behind the wheel : (Record no. 145882)

MARC details
000 -LEADER
fixed length control field 00782nam a22001937a 4500
005 - DATE AND TIME OF LATEST TRANSACTION
control field 20180618150646.0
010 ## - LCCN (DPL NO)
LC control number 1718EN-30 B-686567-571
020 ## - INTERNATIONAL STANDARD BOOK NUMBER
International Standard Book Number 9788129145000
Terms of availability 595.00
035 ## - SYSTEM CONTROL NUMBER
System control number B-686567-571
037 ## - SOURCE OF ACQUISITION
Source of stock number/acquisition Pansy Books
Stock number dpl
082 ## - DEWEY DECIMAL CLASSIFICATION NUMBER
Classification number 338.7667832092
100 ## - MAIN ENTRY--PERSONAL NAME
Personal name Bouquet, Tim
245 ## - TITLE STATEMENT
Title The man behind the wheel :
Statement of responsibility, etc by Tim Bouquet
Remainder of title how Onkar S. Kanwar created a global giant /
260 ## - PUBLICATION, DISTRIBUTION, ETC. (IMPRINT)
Place of publication, distribution, etc New Delhi
Name of publisher, distributor, etc Rupa Pub.
Date of publication, distribution, etc 2016
270 ## - ADDRESS
Address 7/16, Ansari Road, Daryaganj,
City New Delhi
Postal code 110002
300 v# - PHYSICAL DESCRIPTION
Extent viii,258p.
Dimensions 23cm(Hb)
942 ## - ADDED ENTRY ELEMENTS (KOHA)
Source of classification or shelving scheme Dewey Decimal Classification
Item type English Books
Call number suffix BOU
Classification part 338.7667832092
Holdings
Withdrawn status Lost status Not for loan Collection code Home library Current library Date acquired Source of acquisition Cost, normal purchase price Full call number Barcode Copy number Cost, replacement price Koha item type
      Non-fiction Ashok Vihar Ashok Vihar 18/06/2018 Pansy books-1700/5.12.17/669/20.11.17/6.1.18 595.00 338.7667832092 BOU B-686569 1 595.00 English Books
      Non-fiction Central Library Central Library 18/06/2018 Pansy books-1700/5.12.17/669/20.11.17/6.1.18 595.00 338.7667832092 BOU B-686567 1 595.00 English Books
      Non-fiction Janak Puri Janak Puri 18/06/2018 Pansy books-1700/5.12.17/669/20.11.17/6.1.18 595.00 338.7667832092 BOU B-686571 1 595.00 English Books
      Non-fiction New Police Line New Police Line 18/06/2018 Pansy books-1700/5.12.17/669/20.11.17/6.1.18 595.00 338.7667832092 BOU B-686568 1 595.00 English Books
      Non-fiction Patel Nagar Patel Nagar 18/06/2018 Pansy books-1700/5.12.17/669/20.11.17/6.1.18 595.00 338.7667832092 BOU B-686570 1 595.00 English Books

© Delhi Public Library
Hit Counter
free hit counter